Производительность многотоннажных газовых сушильных установок углеобогатительных фабрик; Известия Томского политехнического университета [Известия ТПУ]; Т. 323, № 4 : Энергетика

Бібліографічні деталі
Parent link:Известия Томского политехнического университета [Известия ТПУ]/ Томский политехнический университет (ТПУ).— , 2000-
Т. 323, № 4 : Энергетика.— 2013.— [С. 72-74]
Автор: Хашина Н. В. Нина Васильевна
Співавтор: ЗАО "СибНИИобогащение"
Резюме:Заглавие с титульного листа
Электронная версия печатной публикации
Газопаровоздушная смесь, удаляемая побудителем расхода из многотоннажной газовой сушильной установки, впервые представлена сложной системой, состоящей из сухих газов (сушильного агента, присосанного воздуха) и водяных паров (содержащихся в сушильном агенте, присосанном воздухе, испаренной влаге). Составлен алгоритм, связавший коэффициент присосов, параметры, измеряемые инструментально и не поддающиеся измерениям (КПД топки; количество загружаемого в аппарат сушки влажного и выгружаемого из разгрузочной камеры высушенного угольного концентрата; удельный расход теплоты; потери теплоты на нагрев материала, с уходящими газами, в окружающую среду; КПД сушильной установки и др.), которые положены в основу метода расчёта количества сырого (высушенного) концентрата по количеству влаги, испаренной в процессе непрерывной работы в исследуемом режиме.
Gas vapor mixture which removed by flow booster from a large-tonnage gas drying installation is represented for the first time by a complex system consisting of dry gases (drying agent, sucked on air) and water vapors (contained in drying agent, sucked on air, evaporated moisture). The author has set up the algorithm connecting leakage coefficients, dimensionless parameters and those measured instrumentally (burner efficiency; amount of damp coal concentrate charged into drying device and dried coal concentrate discharged from balancing chamber; heat rate; heat leakage for material heating with exhaust gases into environment; drying installation efficiency) which are taken as a basis of the technique for calculating raw (dried) concentrate for damp amount evaporated at continuous operation in the mode.
Мова:Російська
Опубліковано: 2013
Серія:Теплоэнергетика
Предмети:
Онлайн доступ:http://earchive.tpu.ru/bitstream/11683/5024/1/bulletin_tpu-2013-323-4-14.pdf
Формат: Електронний ресурс Частина з книги
KOHA link:https://koha.lib.tpu.ru/cgi-bin/koha/opac-detail.pl?biblionumber=247146

MARC

LEADER 00000nla2a2200000 4500
001 247146
005 20231031212001.0
035 |a (RuTPU)RU\TPU\book\268619 
035 |a RU\TPU\book\268605 
090 |a 247146 
100 |a 20131217d2013 k y0rusy50 ca 
101 0 |a rus 
102 |a RU 
135 |a drnn ---uucaa 
181 0 |a i  
182 0 |a b 
200 1 |a Производительность многотоннажных газовых сушильных установок углеобогатительных фабрик  |b Электронный ресурс  |f Н. В. Хашина 
203 |a Текст  |c электронный 
215 |a 1 файл (257 Кб) 
225 1 |a Теплоэнергетика 
230 |a Электронные текстовые данные (1 файл : 257 Кб) 
300 |a Заглавие с титульного листа 
300 |a Электронная версия печатной публикации 
320 |a [Библиогр.: с. 74 (4 назв.)] 
330 |a Газопаровоздушная смесь, удаляемая побудителем расхода из многотоннажной газовой сушильной установки, впервые представлена сложной системой, состоящей из сухих газов (сушильного агента, присосанного воздуха) и водяных паров (содержащихся в сушильном агенте, присосанном воздухе, испаренной влаге). Составлен алгоритм, связавший коэффициент присосов, параметры, измеряемые инструментально и не поддающиеся измерениям (КПД топки; количество загружаемого в аппарат сушки влажного и выгружаемого из разгрузочной камеры высушенного угольного концентрата; удельный расход теплоты; потери теплоты на нагрев материала, с уходящими газами, в окружающую среду; КПД сушильной установки и др.), которые положены в основу метода расчёта количества сырого (высушенного) концентрата по количеству влаги, испаренной в процессе непрерывной работы в исследуемом режиме. 
330 |a Gas vapor mixture which removed by flow booster from a large-tonnage gas drying installation is represented for the first time by a complex system consisting of dry gases (drying agent, sucked on air) and water vapors (contained in drying agent, sucked on air, evaporated moisture). The author has set up the algorithm connecting leakage coefficients, dimensionless parameters and those measured instrumentally (burner efficiency; amount of damp coal concentrate charged into drying device and dried coal concentrate discharged from balancing chamber; heat rate; heat leakage for material heating with exhaust gases into environment; drying installation efficiency) which are taken as a basis of the technique for calculating raw (dried) concentrate for damp amount evaporated at continuous operation in the mode. 
337 |a Adobe Reader 
453 |t Productivity of large-tonnage gas drying installations of coal preparation plants  |o translation from Russian  |f N. V. Khashina  |c Tomsk  |n TPU Press  |d 2013  |a Khashina, N. V. 
461 1 |0 (RuTPU)RU\TPU\book\176237  |t Известия Томского политехнического университета [Известия ТПУ]  |f Томский политехнический университет (ТПУ)  |d 2000- 
463 1 |0 (RuTPU)RU\TPU\book\268109  |x 1684-8519  |t Т. 323, № 4 : Энергетика  |v [С. 72-74]  |d 2013 
610 1 |a концентраты 
610 1 |a влага 
610 1 |a испарение 
610 1 |a газовые установки 
610 1 |a сушильные установки 
610 1 |a производительность 
610 1 |a углеобогатительные фабрики 
610 1 |a электронный ресурс 
610 |a damp concentrate 
610 |a dried-up concentrate 
610 |a evaporated moisture 
610 |a large-tonnage gas drying installation 
610 |a productivity 
700 1 |a Хашина  |b Н. В.  |g Нина Васильевна  |6 z01712 
712 0 2 |a ЗАО "СибНИИобогащение"  |c Прокопьевск  |6 z01700 
801 1 |a RU  |b 63413507  |c 20090623  |g PSBO 
801 2 |a RU  |b 63413507  |c 20190520  |g PSBO 
856 4 |u http://earchive.tpu.ru/bitstream/11683/5024/1/bulletin_tpu-2013-323-4-14.pdf 
942 |c CF